000 00304nam a22001457a 4500
008 210511b ||||| |||| 00| 0 eng d
020 _a0521096928
041 _aeng
080 _a591
082 _a591
100 _a7
101 _aZOO
245 _aHow Animals work
_cNielsen,K.S
942 _2udc
_cBK
999 _c57196
_d57196